000 00253nam a22001217a 4500
082 _a507.2 MAR'S
100 _aMARGENAU, H
_956278
245 _aTHE SCIENTIST
250 _a2ND
260 _aHONG KONG
_bTIME-LIFE
_c1981
300 _a192P
942 _cBK
999 _c566744
_d566744